[Event "Prague Golden Blitz op"]
[Site "Prague"]
[Date "2023.06.18"]
[Round "11"]
[White "Fuciman, Ondrej"]
[Black "Pribyl, Josef"]
[Result "0-1"]
[WhiteElo "1879"]
[BlackElo "2110"]
[PlyCount "49"]
[EventDate "2023.06.18"]
[EventType "swiss (blitz)"]
[EventRounds "11"]
[EventCountry "CZE"]
[SourceTitle "CBM 215 Extra"]
[Source "ChessBase"]
[SourceDate "2023.09.30"]
[SourceVersion "1"]
[SourceVersionDate "2023.09.30"]
[SourceQuality "1"]

1. e4 d6 2. d4 Nf6 3. Bd3 e5 4. c3 Nc6 5. Ne2 d5 6. exd5 Qxd5 7. 0-0 Bg4 8. f3 Bh5 9. c4 Qd7 10. d5 Nb4 11. Be3 c6 12. Nbc3 cxd5 13. a3 Nxd3 14. Qxd3 d4 15. Nxd4 exd4 16. Bxd4 0-0-0 17. Nb5 Bc5 18. Rfd1 a6 19. Rac1 Kb8 20. Qb3 Bxd4+ 21. Nxd4 Qc7 22. Kh1 Rd7 23. Nf5 Bg6 24. Re1 Bxf5 25. Qd1 0-1

[Event "Ceske Budejovice op-A"]
[Site "Ceske Budejovice"]
[Date "2020.07.08"]
[Round "8"]
[White "Fuciman, Ondrej"]
[Black "Janous, Marek"]
[Result "0-1"]
[WhiteElo "1803"]
[BlackElo "1903"]
[PlyCount "98"]
[EventDate "2020.07.01"]
[EventType "swiss"]
[EventRounds "9"]
[EventCountry "CZE"]
[SourceTitle "CBM 197 Extra"]
[Source "ChessBase"]
[SourceDate "2020.09.30"]
[SourceVersion "1"]
[SourceVersionDate "2020.09.30"]
[SourceQuality "1"]

1. e4 c5 2. b3 Nc6 3. Bb2 d6 4. Bb5 Bd7 5. Nc3 Nf6 6. Nf3 a6 7. Be2 e5 8. a4 g6 9. Bc4 Na5 10. d3 Bg7 11. 0-0 0-0 12. Nd2 Nh5 13. Bd5 Rb8 14. Nc4 Nxc4 15. bxc4 Kh8 16. Bc1 Qe7 17. Rb1 b6 18. Be3 Qe8 19. Qd2 f5 20. f3 f4 21. Bf2 g5 22. h3 Nf6 23. Kh2 Qh5 24. Rh1 g4 25. fxg4 Nxg4+ 26. Kg1 Nh6 27. Qd1 Qg5 28. Qf3 Bf6 29. Kf1 Be7 30. Ke1 a5 31. Kd2 Nf7 32. Rbg1 Qh6 33. Kd1 Ng5 34. Qe2 Be8 35. Ke1 Bh5 36. Qd2 Rf6 37. h4 Ne6 38. Bxe6 Rxe6 39. Nd5 Bd8 40. g4 fxg3 41. Be3 Qg7 42. Bg5 h6 43. Rxg3 hxg5 44. hxg5 Rh6 45. Qh2 Rh7 46. Nf6 Bxf6 47. Rhg1 Be7 48. g6 Bxg6 49. Rxg6 Qxg6 0-1

[Event "EU-ch U16"]
[Site "Bratislava"]
[Date "2019.08.05"]
[Round "4"]
[White "Fuciman, Ondrej"]
[Black "Jirousek, Jan"]
[Result "0-1"]
[WhiteElo "1797"]
[BlackElo "1996"]
[PlyCount "106"]
[EventDate "2019.08.02"]
[EventType "swiss"]
[EventRounds "9"]
[EventCountry "SVK"]
[SourceTitle "CBM 191 Extra"]
[Source "ChessBase"]
[SourceDate "2019.09.30"]
[SourceVersion "1"]
[SourceVersionDate "2019.09.30"]
[SourceQuality "1"]

1. e4 c6 2. d4 d5 3. Nc3 dxe4 4. Nxe4 Nf6 5. Nxf6+ exf6 6. Bf4 Bd6 7. Bxd6 Qxd6 8. c3 0-0 9. Be2 Rd8 10. Nf3 Nd7 11. 0-0 Nf8 12. Qc2 Ng6 13. Nd2 Be6 14. Ne4 Qf4 15. Ng3 Bd5 16. Bd3 Qh6 17. Bxg6 hxg6 18. b3 f5 19. f4 Re8 20. Qd2 Rad8 21. Rae1 Qh4 22. c4 Be4 23. Nxe4 Rxe4 24. Rxe4 fxe4 25. Qe3 f5 26. Rd1 Qf6 27. d5 cxd5 28. cxd5 Qa6 29. a4 Rd7 30. Kf2 Qd6 31. g3 b6 32. Qd4 Rc7 33. b4 Rc2+ 34. Ke3 Rxh2 35. Rb1 Rg2 36. Qe5 Rxg3+ 37. Ke2 Qxe5 38. fxe5 Rd3 39. d6 Kf7 40. a5 Ke6 41. a6 Kxe5 42. Rc1 Kxd6 43. Rc8 Ra3 44. b5 Rb3 45. Rc6+ Ke5 46. Rxg6 Rxb5 47. Rxg7 Ra5 48. Rxa7 Kf4 49. Ra8 Ra2+ 50. Kd1 Ke3 51. a7 f4 52. Rb8 Rxa7 53. Rxb6 Ra3 0-1